煩惱平息

資料類型: Book 圖書   書目號:25572

Leader xxxxxxxxxx
001 __ PCLIS00025572
005 __ 20220420100817.0
010 __ |a957-585-049-1|b平裝|dNT$180
100 __ |a19900112d1992    m  y0chiy09      e
101 0_ |achi
102 __ |atw
105 __ |ay   z   000cy
200 1_ |a煩惱平息|f林清玄著
205 __ |a第一版
210 __ |a臺北市|c洪建全教育文化基金會|d民81[1992]
215 __ |a[14], 264面|c|d21公分
225 1_ |a人文叢書
225 1_ |a人生對話系列|v17
681 __ |a855|b8732
700 _1 |a|b清玄|f1953-2019|4801 _0 |atw|b內湖高中|c20010622
801 _2 |atw|b內湖高中|c20220420|gCCR
詳細館藏(共 1 筆)
索 書 號登 錄 號冊次號館別 / 館藏地流通類型狀態加入預約清單電子資源
855 / 8732 2011805  圖書館 / 一樓普通區 可外借30天 在館   

| 條列資料




目錄查詢 分類查詢 個人資料 圖書薦購 新書查詢 閉館日 排行榜 更多電子資源 Hami書城 線上資料庫 登出

From : 216.73.216.116

  本日流通累計至 10:08:28 借閱 : 3 次 續借 : 0 次 歸還 : 7 次 預約 : 0 次 電子資源 : 0 次


內湖高中圖書館  PCLIS 版本  25.5.0.2